Normal view
MARC view
- Khosla, DS
Entry Personal Name
001 - CONTROL NUMBER
- control field: 6932
003 - CONTROL NUMBER IDENTIFIER
- control field: OSt
005 - DATE AND TIME OF LATEST TRANSACTION
- control field: 20250113145721.0
008 - FIXED-LENGTH DATA ELEMENTS
- fixed length control field: 250113|| aca||aabn | a|a d
040 ## - CATALOGING SOURCE
- Original cataloging agency: OSt
- Transcribing agency: OSt
100 ## - HEADING--PERSONAL NAME
- Personal name: Khosla, DS
670 ## - SOURCE DATA FOUND
- Source citation: Work cat.: (OSt)19024: Sarao, AS 6931, Hydraulics and Hydraulic Machines, 1985.
